| 000 | 00452cam a2200169ua 4500 | ||
|---|---|---|---|
| 020 | _c6.00 | ||
| 041 |
_amal _h |
||
| 082 |
_a181.4 _bVIV/VI |
||
| 100 | _aSwami Vivekanandan, . | ||
| 245 |
_aVivekananda sahitya sarvasvam, Part 1: Yogathrayam / _cSwami Vivekanandan. _hTextual Documents |
||
| 260 |
_aThrissur : _bSree Ramakrishnasramam , _c1962. |
||
| 300 | _a575 ; . | ||
| 365 | _a6.00 | ||
| 504 | _a | ||
| 942 | _cBK | ||
| 999 |
_c4770 _d4770 |
||